[Event "Challenge"]
[Site "http://www.queenalice.com/game.php?id=6126"]
[Date "2005.3.1"]
[Round "-"]
[White "MKich"]
[Black "Dino"]
[Result "1-0"]
[WhiteElo "1737"]
[BlackElo "1090"]

1. Nc3 Nf6 2. Nf3 g6 3. e4 e6 4. Bc4 Nc6 5. d3 Ng4 6. Bf4 e5 7. Ng5 Bh6 8. Qxg4
d5 9. Nxf7 Qe7 10. Qf3 Nd4 11. Qd1 dxc4 12. Nxh8 Bxf4 13. dxc4 Qd6 14. O-O b6
15. b3 Qf8 16. Nd5 Qxh8 17. Nxc7+ Kd7 18. Nxa8 Bb7 19. Qg4+ Ne6 20. Rad1+ Kc6
21. Qxe6+ Kc5 22. Qd6# 1-0

[Event "Challenge"]
[Site "http://www.queenalice.com/game.php?id=6380"]
[Date "2005.3.6"]
[Round "-"]
[White "MKich"]
[Black "catalan"]
[Result "1-0"]
[WhiteElo "1711"]
[BlackElo "1504"]

1. Nc3 e5 2. Nf3 Nc6 3. e4 Nf6 4. Bc4 Bc5 5. d3 h6 6. O-O a6 7. Qe2 b5 8. Bd5
Nxd5 9. Nxd5 d6 10. c3 Bg4 11. Be3 Bxe3 12. Qxe3 Ne7 13. h3 Nxd5 14. exd5 Bd7
15. d4 O-O 16. dxe5 Re8 17. Qf4 dxe5 18. Nxe5 Re7 19. Rfe1 Qe8 20. Re3 f6 21.
Nf3 Rxe3 22. Qxe3 Qg6 23. b3 Bxh3 24. g3 Re8 25. Qa7 Qe4 26. Qe3 Qxe3 27. fxe3
Rxe3 28. Kf2 Rxc3 29. Ng1 Rc2+ 30. Ke3 Bg2 31. Kd3 Rc5 32. d6 Rd5+ 33. Kc3 Rxd6
34. Kb4 Rd3 35. Rc1 c6 36. Ne2 Re3 37. Rc2 Bf1 38. Nd4 Rxg3 39. Nxc6 h5 40. Ne7+
Kf7 41. Nf5 Bd3 42. Rc7+ Ke6 43. Nxg3 g6 44. Rc6+ Ke5 45. Rc3 Bb1 46. Rc6 h4 47.
Nf1 h3 48. Rc5+ Kd4 49. Rc6 Bd3 50. Rxf6 Bxf1 51. Rxf1 Ke4 52. Rh1 1-0

[Event "Challenge"]
[Site "http://www.queenalice.com/game.php?id=6467"]
[Date "2005.3.8"]
[Round "-"]
[White "EngEsp"]
[Black "MKich"]
[Result "0-1"]
[WhiteElo "1083"]
[BlackElo "1715"]

1. e3 Nf6 2. Qf3 Nc6 3. Nh3 e5 4. d4 exd4 5. Nf4 dxe3 6. fxe3 Bc5 7. Nh5 O-O 8.
Qg3 Nxh5 9. Qf3 Nf6 10. Nc3 Nb4 11. Qf5 d6 12. Qg5 Nxc2+ 13. Kd1 Nxa1 14. Nb5 a6
15. Nc3 Ng4 16. Qh5 Nf2 17. Ke2 Nxh1 18. Kd2 Qe7 19. Bd3 Qxe3 20. Kd1 Nf2 0-1

[Event "Challenge"]
[Site "http://www.queenalice.com/game.php?id=6544"]
[Date "2005.3.9"]
[Round "-"]
[White "chronorook"]
[Black "MKich"]
[Result "1-0"]
[WhiteElo "1724"]
[BlackElo "1700"]

1. e4 e5 2. Nf3 Nc6 3. Bb5 Nf6 4. O-O Nxe4 5. Re1 d5 6. Nxe5 Qf6 7. Nf3 Bd7 8.
d3 Ne5 9. Bxd7+ Nxd7 10. dxe4+ dxe4 11. Rxe4 Kd8 12. Bg5 Be7 13. Bxf6 Bxf6 14.
Nc3 Bxc3 15. bxc3 c6 16. Ne5 1-0

[Event "9 de marÃ§o"]
[Site "http://www.queenalice.com/game.php?id=6617"]
[Date "2005.3.10"]
[Round "-"]
[White "altair"]
[Black "MKich"]
[Result "1-0"]
[WhiteElo "1704"]
[BlackElo "1677"]

1. e4 e5 2. Nf3 Nc6 3. Bc4 Nf6 4. d3 Bc5 5. Bg5 O-O 6. O-O d6 7. Nc3 h6 8. Bh4
g5 9. Bg3 Bg4 10. h3 Bxf3 11. Qxf3 Nd4 12. Qd1 Kg7 13. Nd5 c6 14. Ne3 b5 15. Bb3
Nxb3 16. axb3 Bxe3 17. fxe3 Qb6 18. Qf3 Nd7 19. c3 Nc5 20. Qf6+ Kh7 21. Qxd6
Nxb3 22. Rae1 Rae8 23. Rf6 Re6 24. Rxe6 fxe6 25. Qxf8 Qc7 26. Rf1 Kg6 27. Qf6+
Kh5 28. Bxe5 Qd7 29. g4+ 1-0

[Event "Challenge"]
[Site "http://www.queenalice.com/game.php?id=6843"]
[Date "2005.3.14"]
[Round "-"]
[White "jimwilson"]
[Black "MKich"]
[Result "1-0"]
[WhiteElo "1597"]
[BlackElo "1682"]

1. d4 d5 2. c4 dxc4 3. Nf3 Bf5 4. Nc3 Nf6 5. e3 Be6 6. e4 Nc6 7. d5 Nb4 8. dxe6
Qxd1+ 9. Kxd1 O-O-O+ 10. Bd2 fxe6 11. Bxc4 e5 12. Nxe5 Rd4 13. Kc1 Nxe4 14. Be3
Nxc3 15. Bxd4 Ne2+ 16. Bxe2 1-0

[Event "Challenge"]
[Site "http://www.queenalice.com/game.php?id=6844"]
[Date "2005.3.14"]
[Round "-"]
[White "MKich"]
[Black "adilson_camargo"]
[Result "1-0"]
[WhiteElo "1680"]
[BlackElo "1682"]

1. Nc3 Nf6 2. Nf3 d5 3. d4 Bg4 4. Qd3 Bxf3 5. Qxf3 e6 6. Nb5 a6 7. Nc3 Bb4 8.
Bg5 Nbd7 9. O-O-O Bxc3 10. Qxc3 O-O 11. e3 h6 12. Bxf6 gxf6 13. g3 c6 14. a3 e5
15. Bh3 Re8 16. Bxd7 Qxd7 17. h4 b6 18. f4 Rac8 19. dxe5 fxe5 20. Rhg1 f6 21. e4
d4 22. Qc4+ Kh7 23. fxe5 fxe5 24. Qxa6 Qc7 25. Qc4 b5 26. Qe2 Qb6 27. Rgf1 Re7
28. Rf6 Qb7 29. Qh5 Rg7 30. Rxh6+ Kg8 31. Rh8# 1-0

[Event "AUTO-ADV-30"]
[Site "http://www.queenalice.com/game.php?id=7580"]
[Date "2005.3.22"]
[Round "1"]
[White "EdoVillarroel"]
[Black "MKich"]
[Result "0-1"]
[WhiteElo "1679"]
[BlackElo "1696"]

1. e4 Nc6 2. Nf3 e5 3. d4 exd4 4. Nxd4 Nxd4 5. Qxd4 d6 6. Nc3 c5 7. Qd3 Qa5 8.
Bd2 Be6 9. Qb5+ Qxb5 10. Bxb5+ Bd7 11. Bxd7+ Kxd7 12. O-O-O Nf6 13. Bf4 Ng4 14.
Bg3 Be7 15. h3 Nh6 16. e5 Nf5 17. Bf4 f6 18. exd6 Bd8 19. Ne4 Rc8 20. g4 Nd4 21.
Nxc5+ Rxc5 22. Rxd4 Re8 23. Be3 Rc6 24. Rhd1 Re6 25. f4 Rxe3 26. Rb4 b6 27. h4
Re2 0-1

[Event "AUTO-ADV-30"]
[Site "http://www.queenalice.com/game.php?id=7581"]
[Date "2005.3.22"]
[Round "1"]
[White "MKich"]
[Black "EdoVillarroel"]
[Result "1-0"]
[WhiteElo "1662"]
[BlackElo "1700"]

1. d4 e6 2. Bf4 Nf6 3. e3 d5 4. Nf3 Be7 5. Bd3 O-O 6. O-O b6 7. Nc3 a6 8. Ng5 c5
9. Be5 Bb7 10. Bxf6 Bxf6 11. Qh5 h6 12. Bh7+ Kh8 13. Nxf7+ Rxf7 14. Qxf7 1-0

[Event "AUTO-ADV-30"]
[Site "http://www.queenalice.com/game.php?id=7594"]
[Date "2005.3.22"]
[Round "1"]
[White "MarcosRamos"]
[Black "MKich"]
[Result "1-0"]
[WhiteElo "1846"]
[BlackElo "1692"]

1. e4 e5 2. Nf3 Nc6 3. Bc4 Bc5 4. b4 Bxb4 5. c3 Ba5 6. O-O d6 7. d4 Bg4 8. Bb5
Nf6 9. Bxc6+ bxc6 10. dxe5 dxe5 11. Qxd8+ Rxd8 12. Nxe5 Bd7 13. Bg5 O-O 14. Bxf6
gxf6 15. Nxd7 Rxd7 16. Rc1 Rfd8 17. Re1 Rd1 18. Kf1 Rxe1+ 19. Kxe1 Rd3 20. Ke2
Bxc3 21. Nxc3 Rxc3 22. Kd2 Rc5 23. Rc1 Rxc1 24. Kxc1 Kf8 25. Kc2 Ke7 26. Kd3 Kd6
27. Kd4 c5+ 28. Kc4 Kc6 29. g4 Kb6 30. f4 Kc6 31. h4 Kb6 32. g5 fxg5 33. hxg5
Kc6 34. e5 a6 35. f5 a5 36. e6 fxe6 37. g6 1-0

[Event "AUTO-ADV-30"]
[Site "http://www.queenalice.com/game.php?id=7595"]
[Date "2005.3.22"]
[Round "1"]
[White "MKich"]
[Black "MarcosRamos"]
[Result "1/2-1/2"]
[WhiteElo "1682"]
[BlackElo "1914"]

1. d4 d5 2. Bf4 Nf6 3. Nc3 c6 4. e3 Bf5 5. Bd3 Bxd3 6. Qxd3 e6 7. O-O-O Bd6 8.
Nh3 Bxf4 9. Nxf4 Nbd7 10. e4 dxe4 11. Nxe4 Nxe4 12. Qxe4 Nf6 13. Qe5 O-O 14. f3
Qb6 15. Rhe1 Rad8 16. Rd3 Nd7 17. Qe4 c5 18. Red1 c4 19. Rc3 Nf6 20. Qe3 Nd5 21.
Nxd5 exd5 22. Qf4 Rfe8 23. Re3 Rxe3 24. Qxe3 Qd6 25. h3 b5 26. c3 a5 27. Re1 Kf8
28. Kc2 b4 29. Re2 bxc3 30. Qxc3 Qb4 31. Qxb4+ axb4 32. g4 Ra8 33. Kb1 g6 34.
Re5 Rd8 35. f4 Kg7 36. g5 h6 37. h4 hxg5 38. hxg5 Rh8 1/2-1/2

[Event "AUTO-ADV-30"]
[Site "http://www.queenalice.com/game.php?id=7604"]
[Date "2005.3.22"]
[Round "1"]
[White "MKich"]
[Black "larxs"]
[Result "0-1"]
[WhiteElo "1691"]
[BlackElo "1739"]

1. d4 Nf6 2. Nc3 g6 3. Bf4 d6 4. e3 Bg7 5. Be2 O-O 6. Nf3 Bg4 7. O-O Nbd7 8. Ng5
Bxe2 9. Qxe2 c5 10. Qf3 b6 11. dxc5 bxc5 12. Qh3 h6 13. Nge4 Kh7 14. Nxf6+ Nxf6
15. Rad1 Qb6 16. b3 Rad8 17. Na4 Qc6 18. c4 d5 19. cxd5 Rxd5 20. Nc3 Rh5 21. Qg3
Rf5 22. Rd3 Nh5 23. Qh4 Nxf4 24. exf4 c4 25. Rh3 cxb3 26. axb3 Rh5 27. Qxe7 Rxh3
28. gxh3 Qxc3 29. Kg2 Qxb3 30. Qxa7 Qd5+ 31. Kg3 Ra8 32. Qe7 Rb8 33. f3 Rb2 34.
h4 Qd2 0-1

[Event "AUTO-ADV-30"]
[Site "http://www.queenalice.com/game.php?id=7605"]
[Date "2005.3.22"]
[Round "1"]
[White "larxs"]
[Black "MKich"]
[Result "0-1"]
[WhiteElo "1447"]
[BlackElo "1677"]

1. d4 d5 2. c4 Bf5 3. Nf3 Nf6 4. Nc3 e6 5. Bg5 Be7 6. e3 O-O 7. Bd3 Bxd3 8. Qxd3
Ng4 9. Bxe7 Qxe7 10. O-O dxc4 11. Qxc4 b6 12. h3 Nf6 13. Rac1 c5 14. dxc5 bxc5
15. Na4 Nbd7 16. e4 Rfc8 17. e5 Nd5 18. Nc3 N5b6 19. Qe2 c4 20. Rfd1 Rc6 21. Nb5
a6 22. Nc3 a5 23. Rd2 a4 24. Nd4 Rc5 25. Ndb5 Rxe5 26. Qf3 h6 27. Rcd1 Nf6 28.
Rd6 Rb8 29. Qg3 Rg5 30. Qf4 Nfd5 31. Nxd5 exd5 32. Nc3 Re5 33. Rc6 Rb7 34. Nb5
Re2 0-1

[Event "Challenge"]
[Site "http://www.queenalice.com/game.php?id=10438"]
[Date "2005.4.20"]
[Round "-"]
[White "MKich"]
[Black "altair"]
[Result "0-1"]
[WhiteElo "1719"]
[BlackElo "1735"]

1. e3 e5 2. Nc3 a6 3. Nf3 Nc6 4. Bc4 Bc5 5. O-O Nf6 6. d4 exd4 7. exd4 Bb6 8.
Bg5 d6 9. d5 Na5 10. Re1+ Kf8 11. Qe2 Bf5 12. Bd3 Bxd3 13. Qxd3 Bc5 14. Re2 h6
15. Bxf6 Qxf6 16. Rae1 g6 17. Re7 Rc8 18. R1e4 b5 19. Nxb5 axb5 20. Qxb5 Bb6 21.
Qd7 Kg7 22. Rxf7+ Qxf7 23. Re7 Rcf8 24. b3 Nb7 25. Rxf7+ Rxf7 26. Qg4 Nc5 27.
Nh4 Rf6 28. b4 Na4 29. Nf3 Nc3 30. a3 Nxd5 31. h3 Ra8 32. Qe4 c6 33. c4 Nc3 34.
Qxc6 Rb8 35. Qd7+ Kg8 36. Qc6 Ne2+ 37. Kf1 Nf4 38. c5 Bd8 39. Nd4 Nd3 40. Qd7
Ne5 41. Ne6 Nxd7 0-1

[Event "AUTO-ADV-36"]
[Site "http://www.queenalice.com/game.php?id=10611"]
[Date "2005.4.22"]
[Round "1"]
[White "diego2907"]
[Black "MKich"]
[Result "0-1"]
[WhiteElo "1644"]
[BlackElo "1659"]

1. e4 e5 2. Bc4 Nf6 3. Nf3 Be7 4. Nxe5 d5 5. exd5 Nxd5 6. Nxf7 Kxf7 7. Qf3+ Ke8
8. Bxd5 Rf8 9. Qb3 c6 10. Bf3 Na6 11. d4 Qxd4 12. Be3 Qb4+ 13. Nd2 Qxb3 14. axb3
Nb4 15. Be4 g6 16. c3 Na6 17. Bd3 Nc5 18. Bxc5 Bxc5 19. O-O Be6 20. Rae1 Kd7 21.
Ne4 Bb6 22. Ng5 Bxb3 23. Nxh7 Rf4 24. Bxg6 Bc4 25. Rd1+ Kc7 26. g3 Bxf1 27. gxf4
Bc4 28. f5 Bc5 29. f6 Rg8 30. h4 Rxg6+ 31. Ng5 Rxf6 32. Rd2 Rh6 33. Ne4 Rg6+ 34.
Kh2 Be7 35. Rd4 Be6 36. Ng3 Rh6 37. h5 Bd6 38. Kg2 Bxg3 39. fxg3 Rxh5 40. c4 b5
41. cxb5 cxb5 42. Re4 Bd5 43. Kf3 Bxe4+ 44. Kxe4 a5 45. Kf4 a4 46. g4 Rh8 47. g5
Kc6 48. Kf5 b4 49. g6 Rg8 50. Kf6 Kc5 51. Kf7 Rxg6 52. Kxg6 Kc4 53. Kf5 Kb3 54.
Ke4 Kxb2 55. Kd3 b3 56. Kc4 a3 57. Kb4 a2 58. Ka4 a1=Q+ 59. Kb4 Qa3+ 0-1

[Event "AUTO-ADV-36"]
[Site "http://www.queenalice.com/game.php?id=10612"]
[Date "2005.4.22"]
[Round "1"]
[White "MKich"]
[Black "diego2907"]
[Result "0-1"]
[WhiteElo "1713"]
[BlackElo "1584"]

1. e3 e5 2. Nc3 Bb4 3. Nd5 Nc6 4. Bb5 Bd6 5. Nh3 a6 6. Ba4 Nge7 7. Nxe7 Qxe7 8.
O-O Bc5 9. Bxc6 dxc6 10. d4 exd4 11. exd4 Bd6 12. Re1 Be6 13. c4 O-O-O 14. d5
cxd5 15. cxd5 Bb4 16. Re4 Qd6 17. Bf4 Qb6 18. Qc1 Rxd5 19. Rxb4 Qa5 20. Rc4 Rd1+
21. Qxd1 Bxc4 22. a3 h6 23. Qd4 Bb5 24. Qxg7 Re8 25. Be3 f5 26. Qxh6 Qa4 27. Qh7
Qc2 28. Rc1 Qxc1+ 0-1

[Event "AUTO-ADV-36"]
[Site "http://www.queenalice.com/game.php?id=10627"]
[Date "2005.4.22"]
[Round "1"]
[White "MKich"]
[Black "jiikoo"]
[Result "0-1"]
[WhiteElo "1665"]
[BlackElo "1971"]

1. e3 e5 2. Nc3 b6 3. Nf3 d6 4. Bc4 Bb7 5. O-O Be7 6. d4 e4 7. Nd2 d5 8. Qg4 Nf6
9. Bb5+ c6 10. Qxg7 Rg8 11. Qh6 cxb5 12. Nxb5 a6 13. Nc3 Nc6 14. a3 Rg6 15. Qh3
Qd7 16. Qxd7+ Kxd7 17. Na4 Kc7 18. b4 Rag8 19. g3 h5 20. c4 dxc4 21. Nxc4 b5 22.
Ne5 Nxe5 23. dxe5 Nd7 24. Nc3 Nxe5 25. Rd1 h4 26. Bb2 Nd3 27. Rab1 hxg3 28. hxg3
Nxb2 29. Rxb2 Rd6 30. Re1 Rgd8 31. Rbb1 Rd2 32. Rbc1 Kb8 33. Nb1 R2d6 34. Nc3 f5
35. Kg2 Rh6 36. Ne2 Rdh8 37. Rg1 Bd5 38. Nd4 Bc4 39. Rh1 Rh5 40. Nc6+ Kc7 41.
Nxe7 Rxh1 42. Rxh1 Rxh1 43. Kxh1 Be6 44. Ng6 Kd6 45. Nf4 Bf7 46. Kh2 Ke5 47. Kh3
Kf6 48. Kh4 Be8 49. g4 fxg4 50. Kxg4 Bf7 51. Ne2 Ke5 52. Nc3 Be6+ 53. Kg3 Bc4
54. f4+ Kf5 55. Kf2 Bf7 56. Ke2 Bb3 57. Kd2 Bf7 58. Ne2 Ke6 59. Kc3 Kd5 60. f5
Ke5 61. Ng3 Bc4 62. f6 Bd5 63. Ne2 Bf7 64. Nd4 Kxf6 65. Nc6 Be8 66. Nb8 Ke5 67.
Nxa6 Bd7 68. Nc5 Bc6 69. Kb3 Bd5+ 70. Kc3 Bc6 71. Na6 Bd5 0-1

[Event "AUTO-ADV-36"]
[Site "http://www.queenalice.com/game.php?id=10628"]
[Date "2005.4.22"]
[Round "1"]
[White "jiikoo"]
[Black "MKich"]
[Result "1-0"]
[WhiteElo "1826"]
[BlackElo "1725"]

1. e4 e5 2. Nf3 Nc6 3. Bb5 Nf6 4. O-O Bc5 5. c3 O-O 6. d4 Bd6 7. Bg5 a6 8. Bxc6
dxc6 9. dxe5 Bg4 10. exd6 Qxd6 11. Qxd6 cxd6 12. Bxf6 Bxf3 13. gxf3 gxf6 14. Nd2
Rae8 15. Nc4 Rd8 16. Rad1 d5 17. exd5 cxd5 18. Ne3 d4 19. Rxd4 Rxd4 20. cxd4 Kh8
21. d5 Rd8 22. Rd1 Kg8 23. d6 Kf8 24. Nc4 f5 25. Ne3 f4 26. Ng2 f6 27. Nxf4 Kf7
28. Kg2 Ke8 29. d7+ Rxd7 30. Rxd7 Kxd7 31. Kg3 b5 32. Kg4 Ke7 33. Nd5+ Kd6 34.
Nxf6 a5 35. Nxh7 b4 36. h4 Ke7 37. Ng5 Kf6 38. h5 Kg7 39. f4 Kh6 40. f5 Kg7 41.
f4 Kg8 42. h6 Kf8 43. h7 Kg7 44. f6+ Kh8 45. f7 1-0

[Event "AUTO-ADV-36"]
[Site "http://www.queenalice.com/game.php?id=10629"]
[Date "2005.4.22"]
[Round "1"]
[White "MKich"]
[Black "Artking"]
[Result "1-0"]
[WhiteElo "1715"]
[BlackElo "1566"]

1. e3 d5 2. Nf3 c5 3. Bb5+ Nc6 4. Bxc6+ bxc6 5. d3 Nf6 6. O-O Bf5 7. Nc3 e6 8.
b3 Bd6 9. Ba3 Ng4 10. h3 h5 11. e4 Bh7 12. exd5 cxd5 13. Ng5 Qxg5 14. Nb5 Bh2+
15. Kh1 a6 16. Nc3 Be5 17. Qe1 Bd4 18. f3 Ne3 19. Rf2 Nf5 20. Rf1 Ng3+ 21. Kh2
Qf4 22. Qxg3 1-0

[Event "AUTO-ADV-36"]
[Site "http://www.queenalice.com/game.php?id=10630"]
[Date "2005.4.22"]
[Round "1"]
[White "Artking"]
[Black "MKich"]
[Result "0-1"]
[WhiteElo "1577"]
[BlackElo "1704"]

1. e4 e5 2. Nf3 Nc6 3. Bb5 a6 4. Ba4 Nf6 5. O-O Bd6 6. d3 O-O 7. c3 Bc5 8. Nbd2
d6 9. Bc2 Ng4 10. h3 Bxf2+ 11. Rxf2 Ne3 12. Qe2 Nxc2 13. Rb1 Be6 14. Nb3 Bxb3
15. axb3 N2d4 16. cxd4 exd4 17. Bg5 f6 18. Bf4 Re8 19. Nh4 g5 20. Nf5 Qd7 21.
Qh5 gxf4 22. Rxf4 Ne5 23. Nh6+ Kh8 0-1

[Event "Challenge"]
[Site "http://www.queenalice.com/game.php?id=15465"]
[Date "2005.6.7"]
[Round "-"]
[White "EngEsp"]
[Black "MKich"]
[Result "0-1"]
[WhiteElo "1228"]
[BlackElo "1657"]

1. Nh3 Nc6 2. Nc3 e5 3. e3 Nf6 4. Bc4 Bc5 5. Ng5 O-O 6. d4 exd4 7. Nce4 Nxe4 8.
Nxe4 Bb4+ 9. Kf1 dxe3 10. Bxe3 Qh4 11. Qf3 Ne5 12. Qf5 d6 13. Qf4 Qxf4 14. Bxf4
Nxc4 15. Rd1 Nxb2 16. Rd5 Be6 17. Rh5 Bxa2 18. Bc1 Rae8 19. Bxb2 Rxe4 20. g4
Bc4+ 21. Kg2 Rxg4+ 22. Kf3 Rg6 23. Rh4 Bd5+ 24. Kf4 Bxh1 25. Kf5 Be1 26. Rg4
Bxf2 27. h4 Rxg4 28. Kxg4 Re8 29. h5 Re4+ 30. Kf5 g6+ 31. hxg6 hxg6+ 32. Kf6
Bh4# 0-1

[Event "Challenge"]
[Site "http://www.queenalice.com/game.php?id=16160"]
[Date "2005.6.14"]
[Round "-"]
[White "altair"]
[Black "MKich"]
[Result "1-0"]
[WhiteElo "1613"]
[BlackElo "1684"]

1. e4 e5 2. Nf3 Nc6 3. a3 Bd6 4. Nc3 Nf6 5. Bb5 O-O 6. Bxc6 dxc6 7. d3 Bg4 8. h3
Bxf3 9. Qxf3 h6 10. Qg3 c5 11. Bxh6 Nh5 12. Qg4 Qf6 13. Qxh5 Qxh6 14. Qxh6 gxh6
15. Nd5 f6 16. O-O-O c6 17. Ne3 Kh7 18. c4 b5 19. b3 a5 20. Nf5 Bc7 21. h4 a4
22. bxa4 Rxa4 23. cxb5 cxb5 24. Kb2 b4 25. Ra1 Rd8 26. Rhd1 Rda8 27. Ne7 Rxa3
28. Rxa3 bxa3+ 29. Ka2 Ra4 30. Nd5 Bd8 31. Rc1 Rd4 32. Rc3 Ba5 33. Rxa3 Bb4 34.
Rb3 Kg6 35. Ne7+ Kh5 36. f3 Kxh4 37. Nf5+ 1-0

[Event "Challenge"]
[Site "http://www.queenalice.com/game.php?id=17782"]
[Date "2005.6.29"]
[Round "-"]
[White "salso"]
[Black "MKich"]
[Result "1-0"]
[WhiteElo "1954"]
[BlackElo "1661"]

1. d4 d5 2. e3 Nf6 3. Bd3 Bg4 4. Nf3 Bxf3 5. Qxf3 e6 6. c4 dxc4 7. Bxc4 Nc6 8.
Nc3 Nb4 9. Qe2 Bd6 10. a3 Nbd5 11. e4 Nxc3 12. bxc3 e5 13. Bg5 O-O 14. O-O h6
15. Bh4 Qe7 16. Qf3 g5 17. Bg3 exd4 18. cxd4 Bxg3 19. fxg3 Nxe4 20. Rae1 Rae8
21. Bd3 Nd2 22. Qf5 f6 23. Rxe7 Rxe7 24. Rd1 Nb3 25. Bc4+ Kg7 26. Bxb3 1-0